000 01074nam a2200301 4500
001 178124
003 ES-MaACL
005 20240306142525.0
008 110518s2009 sp |||| | spa d
020 _a978-84-460-2584-9
080 _a1 Heidegger, Martin :32
080 _a329.18(430)
100 1 _aFaye, Emmanuel.
_9146604
245 1 0 _aHeidegger, la introducción del nazismo en la filosofía
_b: en torno a los seminarios inéditos de 1933-1935 /
_cEmmanuel Faye ; traducción de Óscar Moro Abadía.
260 _aTres Cantos, Madrid :
_bAkal,
_c[2009]
300 _a574 p. ;
_c22 cm.
490 1 _aNuestro tiempo ;
_v10
500 _aAnexos.
500 _aÍndice onomástico.
504 _aBibliografía: p. 543-566.
600 1 7 _aHeidegger, Martin-
_xPensamiento político.
_9146605
650 4 _aNacionalsocialismo
_915470
830 0 _aNuestro tiempo ;
_v10
_9224253
852 _aES-MaACL
_9184983
_bR.145740
_jA-11200
_dOlim: N-4204
_cDEPO1
942 _2udc
_cMONOGRAFIA
999 _c178124
_d178124